La revisin̤ de los actos nulos por inconstitucionalidad de las leyes posibiidad de ejercitarla sin limitacin̤ de plazo... /

Bibliographic Details
Main Author: Concheiro del Ro̕, Jaime
Format: Unknown
Language:Spanish
Published: Madrid : Dijusa, 2002
Subjects:
Online Access:Acceso restringido

MARC

LEADER 00000ny a22000003n 4500
005 20110609123752.0
008 020528s2002 sp 000 0 spa d
020 |a 9788495748164 
035 |a 2621 
040 |a SpMaUCDE  |d vLex 
090 |c 608  |d 608 
100 1 |a Concheiro del Ro̕, Jaime 
245 1 3 |a La revisin̤ de los actos nulos por inconstitucionalidad de las leyes  |h [Recurso electrn̤ico]  |b posibiidad de ejercitarla sin limitacin̤ de plazo... /  |c Jaime Concheiro del Ro̕ ; con la colaboracin̤ de Vern̤ica Seoane Barral 
256 |a Servicio en ln̕ea 
260 |a Madrid :  |b Dijusa,  |c 2002 
300 |a 955 p.;  |c 25 cm. 
506 1 |a Contenido solo disponible en los productos indicados  |d vLex Global  |d vLex Global (Academic Edition, excluding Law Schools)  |d vLex Global (U.S. Academic Edition, Law Schools)  |d vLex Global (U.S. Academic Edition, excluding Law Schools)  |d vLex Global (Academic Edition, Law Schools) 
650 0 7 |a Recurso de revisin̤  |2 Tesauro vLex 
650 0 7 |a Procedimiento de la cuestin̤ de inconstitucionalidad  |2 Tesauro vLex 
650 0 7 |a Revisin̤ de oficio  |2 Tesauro vLex 
650 0 7 |a Efectos de la declaracin̤ de inconstitucionalidad  |2 Tesauro vLex 
700 1 |a Seoane Barral, Vern̤ica,  |e col. 
740 0 |a vLex Libros (Servicios en ln̕ea) 
856 4 0 |u http://vlex.com/source/2621  |z Acceso restringido 
942 |c BOOK 
999 0 |a Law  |b Madrid